Nazis : (Record no. 109101)
[ view plain ]
| 000 -LEADER | |
|---|---|
| fixed length control field | 00398nam a2200133 a 4500 |
| 005 - DATE AND TIME OF LATEST TRANSACTION | |
| control field | 20140414093837.0 |
| 008 - FIXED-LENGTH DATA ELEMENTS--GENERAL INFORMATION | |
| fixed length control field | 030923s19uu xx 00 eng d |
| 050 ## - LIBRARY OF CONGRESS CALL NUMBER | |
| Classification number | VCD 070.1 |
| Item number | Naz 2002 |
| 245 ## - TITLE STATEMENT | |
| Title | Nazis : |
| Remainder of title | the occult conspiracy / |
| Statement of responsibility, etc | Narrated by Malcolm McDowell, Tracy Atkinson and Joan Baran. |
| 500 ## - GENERAL NOTE | |
| General note | 2 copy (disc 1&2) |
| 650 ## - SUBJECT ADDED ENTRY--TOPICAL TERM | |
| Topical term or geographic name as entry element | Documentary films. |
| 942 ## - ADDED ENTRY ELEMENTS (KOHA) | |
| Koha item type | Audio Visual Materials |
| Withdrawn status | Lost status | Damaged status | Home library | Current library | Shelving location | Date acquired | Source of acquisition | Cost, normal purchase price | Total Checkouts | Full call number | Barcode | Date last seen | Price effective from | Koha item type |
|---|---|---|---|---|---|---|---|---|---|---|---|---|---|---|
| Luxembourg Library | Luxembourg Library | Audio Visual Material Section | 09/23/2003 | 250.00 | VCD 070.1 Naz 2002 | AV0711 | 04/14/2014 | 04/14/2014 | Audio Visual Materials |